الكعبة المشرفة : (رقم التسجيلة. 34014)
[ عرض عادي ]
| 000 -LEADER | |
|---|---|
| fixed length control field | 00804nam a22001937a 4500 |
| 005 - DATE AND TIME OF LATEST TRANSACTION | |
| control field | 20251108165905.0 |
| 008 - FIXED-LENGTH DATA ELEMENTS--GENERAL INFORMATION | |
| fixed length control field | 250721s1993 xx 000 0 ara d |
| 082 14 - DEWEY DECIMAL CLASSIFICATION NUMBER | |
| Classification number | م/683.3/يلم |
| 100 1# - MAIN ENTRY--PERSONAL NAME | |
| Personal name | يلماز، طرجان |
| 245 10 - TITLE STATEMENT | |
| Title | الكعبة المشرفة : |
| Remainder of title | دراسة أثرية لمجموعة اقفالها ومفاتيحها المحفوظة في متحف طوب قابي باستانبول / |
| 264 1# - PRODUCTION, PUBLICATION, DISTRIBUTION, MANUFACTURE, AND COPYRIGHT NOTICE | |
| Place of production, publication, distribution, manufacture | استانبول : |
| Name of producer, publisher, distributor, manufacturer | مركز الأبحاث للتاريخ والفنون والثقافة الإسلامية، |
| Date of production, publication, distribution, manufacture, or copyright notice | 1993. |
| 300 ## - PHYSICAL DESCRIPTION | |
| Extent | 129ص |
| 490 0# - SERIES STATEMENT | |
| Series statement | الفنون الإسلامية وأعرف البدوية ؛ 7 |
| 650 17 - SUBJECT ADDED ENTRY--TOPICAL TERM | |
| Topical term or geographic name as entry element | الأقفال |
| 650 17 - SUBJECT ADDED ENTRY--TOPICAL TERM | |
| Topical term or geographic name as entry element | الكعبة |
| 700 1# - ADDED ENTRY--PERSONAL NAME | |
| Personal name | اوغلي، تحسين عمر طه |
| Relator term | ترجمة |
| 942 ## - ADDED ENTRY ELEMENTS (KOHA) | |
| Source of classification or shelving scheme | Dewey Decimal Classification |
| Koha item type | مراجع |
| حالة السحب | حالة الفقدان | مصدر التصنيف | حالة التلف | غير قابل للإعارة | المكتبة الرئيسية | المكتبة الحالية | موقع الرف | تاريخ التزويد | الرقم المتسلسل | Total Checkouts | رقم الإستدعاء | الباركود | تاريخ آخر ظهور | تاريخ الفاتورة | نوع المادة (كوها) |
|---|---|---|---|---|---|---|---|---|---|---|---|---|---|---|---|
| Dewey Decimal Classification | Not For Loan | المكتبة المركزية | المكتبة المركزية | مراجع | 06/07/2004 | 253001 | م/683.3/يلم | 253001 | 28/07/2025 | 06/07/2004 | مراجع |